000 00648nam a22002297a 4500
003 UA-OsUOA
001 79169
007 ta
008 20111103b un ||||| |||| 00| 0 ukr d
090 _a821.161.1
_bН64
942 _cBK
040 _aUA-OsUOA
_brus
_cUA-OsUOA
_dUA-OsUOA
245 _aНикто кроме тебя
_bзарубежный кинороман
_cотв. ред. Н.Ещенко
300 _a415 с.
955 _a3
041 _arus
080 _a821.161.1
020 _a5-88196-080-0
260 _aМ.
_bВалев
_c1993
650 7 _a82 Література. Літературознавство
_2UDC
999 _c365484
_d365484